000 00683nam a2200193Ia 4500
003 GCL
008 140319s9999 xx 000 0 ara d
040 _aGCL /
_cGCL
082 0 4 _a833.03
_bج ه
100 1 _aطه حسين
245 1 0 _aهرمن ودروتيه: قصه (هدية من الاديب عبدالفتاح الجمل) /
_cطه حسين
700 1 _aمحمد عوض محمد (مترجم)
700 1 _aجوته، يوهان فولفجانج
300 _a194 ص
490 _aالهيئة العامة للاستعلامات
_v0
650 0 4 _aالقصص الالمانية المترجمة
650 0 4 _aالادب الالمانى المترجم
942 _2ddc
_cBK
999 _c47238
_d47238